000 00494nam a2200181Ia 4500
001 23005
005 20260414150908.0
008 260414t2009||||xx |||||||||||||| ||spa||
041 _aESP
082 _a624.1762
_bI454
100 _aIlki, Alper
_eAUT
245 0 _aSeismic risk assessment and retrofitting :
_bwith special emphasis on existing low-rise structures
260 _c2009
300 _axiii, 495 páginas :
_c24 cm.
650 _a0
654 _aCIC
942 _cLIB
_dJUS
_fJUS
_2ddc
_n
999 _c23005
_d23005